000 00804nas a2200217 i 4500
001 182876
003 ES-MaACL
005 20250217134910.0
008 131121d1885 cl ar m | |spa d
022 _a9972-7870
080 _a354.51(83)(060.55)
110 1 _aChile.
_bMinisterio de Justicia, Culto e Instrucción Pública.
_9153867
245 1 0 _aMemoria del ministro de Justicia, Culto e Instrucción Pública :
_bpresentada al Congreso Nacional.
260 _aSantiago de Chile :
_b[Ministerio de Justicia, Culto e Instrucción Pública,
_c1885] (
_fImp. Nacional)
300 _a1 v. ;
_c25 cm.
310 _aAnual
610 1 4 _aChile.
_bMinisterio de Justicia, Culto e Instrucción Pública-
_vMemorias.
_9153868
852 4 _aES-MaACL
_jG-6826
866 0 _o1885.
999 _c182876
_d182876